[Event "FIDE World Rapid 2013"]
[Site "Khanty-Mansiysk RUS"]
[Date "2013.06.08"]
[Round "12.6"]
[White "Akopian, Vladimir"]
[Black "Le, Quang Liem"]
[Result "1/2-1/2"]
[WhiteTitle "GM"]
[BlackTitle "GM"]
[WhiteElo "2691"]
[BlackElo "2712"]
[WhiteFideId "13300032"]
[BlackFideId "12401137"]
[EventDate "2013.06.06"]

1. e4 c5 2. Nf3 d6 3. d4 cxd4 4. Nxd4 Nf6 5. Nc3 a6 6. Be3 e6 7. f3 b5 8. Qd2
Nbd7 9. O-O-O Qc7 10. g4 b4 11. Na4 h6 12. Qxb4 d5 13. Qc3 Qxc3 14. Nxc3 dxe4
15. Nxe4 Nxe4 16. fxe4 Bb7 17. Bd3 Nf6 18. h3 Nxe4 19. Rhe1 Nc5 20. Bc4 Rc8 21.
Nb3 Nxb3+ 22. axb3 Be7 23. Kb1 Bh4 24. Rf1 Ke7 25. Rxf7+ Kxf7 26. Rd7+ Be7 27.
Rxb7 Rc6 28. g5 hxg5 29. Bxg5 Re8 30. Bd3 Kf8 31. Bf4 Rd8 32. b4 Bf6 33. Ra7 Rd4
34. Bd2 Rh4 35. Bxa6 Rxh3 36. Bd3 Rh1+ 37. Ka2 Rh2 38. b5 Rxc2 39. Bb4+ Ke8 40.
Bxc2 Rxc2 41. b6 Rxb2+ 42. Ka3 Rb1 43. b7 Be5 44. Ra8+ Kf7 45. Rf8+ Kg6 46. b8=Q
Bxb8 47. Rxb8 e5 48. Ka2 Rd1 49. Kb2 Kf5 50. Kc2 Rd5 51. Rf8+ Kg4 52. Bd2 g5 53.
Kd1 Kg3 54. Ke2 g4 55. Rf5 Kg2 56. Rg5 Kg3 57. Rf5 Kg2 58. Be1 Rb5 59. Rg5 Rb2+
60. Bd2 g3 61. Rxe5 Kg1 62. Kd3 Rb3+ 63. Ke2 Rb2 64. Kd3 Rb3+ 65. Ke4 g2 66. Rf5
Kh1 67. Rh5+ Kg1 68. Rf5 Kh1 69. Rh5+ Kg1 70. Be3+ Rxe3+ 71. Kxe3 Kf1 72. Rf5+
Ke1 73. Rg5 Kf1 74. Ke4 1/2-1/2

[Event "FIDE World Rapid 2013"]
[Site "Khanty-Mansiysk RUS"]
[Date "2013.06.08"]
[Round "12.10"]
[White "Zvjaginsev, Vadim"]
[Black "Mamedov, Rauf"]
[Result "1/2-1/2"]
[WhiteTitle "GM"]
[BlackTitle "GM"]
[WhiteElo "2659"]
[BlackElo "2637"]
[WhiteFideId "4113403"]
[BlackFideId "13401653"]
[EventDate "2013.06.06"]

1. e4 c5 2. Nf3 d6 3. d4 Nf6 4. Bb5+ Nbd7 5. Nc3 cxd4 6. Qxd4 g6 7. e5 dxe5 8.
Nxe5 Bg7 9. O-O O-O 10. Rd1 Qb6 11. Nxd7 Nxd7 12. Qxb6 Nxb6 13. Bg5 Be6 14. Bxe7 1/2-1/2

[Event "FIDE World Rapid 2013"]
[Site "Khanty-Mansiysk RUS"]
[Date "2013.06.08"]
[Round "12.11"]
[White "Andreikin, Dmitry"]
[Black "Khismatullin, Denis"]
[Result "1-0"]
[WhiteTitle "GM"]
[BlackTitle "GM"]
[WhiteElo "2713"]
[BlackElo "2658"]
[WhiteFideId "4158814"]
[BlackFideId "4142578"]
[EventDate "2013.06.06"]

1. e4 c5 2. Nf3 d6 3. d4 cxd4 4. Qxd4 Nf6 5. Bg5 Nc6 6. Qe3 h6 7. Bxf6 gxf6 8.
Nc3 h5 9. Bb5 a6 10. Bxc6+ bxc6 11. O-O e6 12. Rad1 Qc7 13. Na4 c5 14. Nd2 Bd7
15. b3 Bb5 16. Nc4 Rd8 17. Nc3 Bh6 18. f4 Bxc4 19. bxc4 Ke7 20. Qf3 Rb8 21. Kh1
Rb4 22. f5 Bg7 23. Ne2 Rxc4 24. fxe6 fxe6 25. Nf4 Rh6 26. Nxe6 Kxe6 27. Qb3 1-0

[Event "FIDE World Rapid 2013"]
[Site "Khanty-Mansiysk RUS"]
[Date "2013.06.08"]
[Round "12.12"]
[White "Salem, A.R. Saleh"]
[Black "Najer, Evgeniy"]
[Result "1/2-1/2"]
[WhiteTitle "GM"]
[BlackTitle "GM"]
[WhiteElo "2531"]
[BlackElo "2633"]
[WhiteFideId "9301348"]
[BlackFideId "4118987"]
[EventDate "2013.06.06"]

1. d4 d5 2. c4 c6 3. Nc3 Nf6 4. Nf3 dxc4 5. a4 Bf5 6. Nh4 e6 7. Nxf5 exf5 8. e3
Bb4 9. Bxc4 O-O 10. Qc2 g6 11. O-O Nbd7 12. f3 Rc8 13. Kh1 c5 14. Ba2 a6 15. Bd2
Nh5 16. Rad1 cxd4 17. exd4 Bd6 18. Be1 Nb6 19. Bf2 Nc4 20. Rfe1 Qa5 21. Bxc4
Rxc4 22. d5 Qc7 23. g3 Rc8 24. Kg2 Qd7 25. Rd4 R4c7 26. Qb3 Nf6 27. Rd2 Rc4 28.
Bd4 Nh5 29. a5 h6 30. Bf2 Nf6 31. Rd4 R4c5 32. Ra4 R5c7 33. Bd4 Nh5 34. Bb6 Nf6
35. Bxc7 Qxc7 36. Qd1 Kg7 37. Qd4 h5 38. Re2 Qd8 39. Ra1 Qc7 40. Qd3 Qd8 41. Rc2
h4 42. Ra4 hxg3 43. hxg3 Qc7 44. b3 Qb8 45. Ne2 Re8 46. Rac4 Rh8 47. Rc1 Re8 48.
R1c2 Rh8 49. Rc1 Re8 50. Rh4 Qd8 51. Qd2 Nh5 52. Rxh5 gxh5 53. Nf4 Bxf4 54. Qxf4
Qxd5 55. Qg5+ Kf8 56. Qh6+ Kg8 57. Qg5+ Kf8 58. Qh6+ Kg8 59. Qg5+ 1/2-1/2

[Event "FIDE World Rapid 2013"]
[Site "Khanty-Mansiysk RUS"]
[Date "2013.06.08"]
[Round "12.13"]
[White "Riazantsev, Alexander"]
[Black "Rakhmanov, Aleksandr"]
[Result "1-0"]
[WhiteTitle "GM"]
[BlackTitle "GM"]
[WhiteElo "2708"]
[BlackElo "2602"]
[WhiteFideId "4125029"]
[BlackFideId "4173708"]
[EventDate "2013.06.06"]

1. d4 e6 2. c4 Bb4+ 3. Nd2 d5 4. Qa4+ Nc6 5. Nf3 Bd7 6. Qc2 Nf6 7. e3 O-O 8. a3
Bd6 9. b4 a6 10. Bb2 dxc4 11. Nxc4 b5 12. Nce5 Ne7 13. Nxd7 Qxd7 14. Bd3 a5 15.
bxa5 Ng6 16. h4 Rfc8 17. h5 Nf8 18. e4 Ne8 19. O-O h6 20. a4 b4 21. a6 c5 22. e5
cxd4 23. Qe2 Bc5 24. Rfd1 Rd8 25. Rac1 Bb6 26. a5 Bxa5 27. Nxd4 Rdc8 28. Nc6 Qc7
29. Be4 Kh8 30. Nxa5 Qxa5 31. Bxa8 Rxa8 32. Ra1 Qb6 33. Bd4 Qc6 34. Qf3 Qxf3 35.
gxf3 Nc7 36. a7 Nd7 37. Ra5 Kg8 38. Rc1 Nd5 39. Rxd5 exd5 40. Rc7 1-0

[Event "FIDE World Rapid 2013"]
[Site "Khanty-Mansiysk RUS"]
[Date "2013.06.08"]
[Round "12.14"]
[White "Ponomariov, Ruslan"]
[Black "Artemiev, Vladislav"]
[Result "1/2-1/2"]
[WhiteTitle "GM"]
[BlackTitle "IM"]
[WhiteElo "2743"]
[BlackElo "2524"]
[WhiteFideId "14103320"]
[BlackFideId "24101605"]
[EventDate "2013.06.06"]

1. c4 e5 2. Nc3 Bb4 3. Nd5 Bc5 4. Nf3 c6 5. Nc3 d6 6. d4 exd4 7. Nxd4 Nf6 8. g3
d5 9. Nb3 Bb4 10. cxd5 Qxd5 11. Qxd5 Nxd5 12. a3 Bxc3+ 13. bxc3 Nd7 14. Bg2 Ne5
15. Na5 Nb6 16. Be3 Nbc4 17. Nxc4 Nxc4 18. Bd4 O-O 19. a4 a5 20. Rb1 Re8 21. f4
Bg4 22. e4 Bf5 23. Rxb7 Bxe4 24. O-O Bxg2 25. Kxg2 Ne3+ 26. Bxe3 Rxe3 27. Rd1 g6
28. Rdd7 Rf8 29. Ra7 Rxc3 30. Rxa5 Rc2+ 31. Kh3 Kg7 32. Raa7 c5 33. a5 c4 34. a6
Ra2 35. Rdc7 Ra4 36. Kg4 h5+ 37. Kf3 Kf6 38. Ke4 h4 39. gxh4 c3+ 40. Kf3 Ra3 41.
Kg4 Kg7 42. h5 Kh6 43. Rc6 c2 44. hxg6 fxg6 45. Rcc7 Rh8 46. Rxc2 Ra4 47. Rcc7
Ra2 48. h4 Rg2+ 49. Kf3 Ra2 50. Rf7 Ra4 51. Kg3 Ra3+ 52. Kg4 Ra1 53. Rfe7 Rg1+
54. Kf3 Ra1 55. Ke4 Ra5 56. Kd4 Ra4+ 57. Ke5 Ra5+ 58. Ke6 Ra4 59. Rf7 Re8+ 60.
Kd6 Kh5 61. Kc5 Kxh4 62. Rf6 Kg4 63. Rg7 Rc8+ 64. Kb5 Rcc4 65. Rgxg6+ Kf3 66.
Rg5 Rcb4+ 67. Kc5 Rb1 68. Rb6 Rba1 69. Rgg6 Ra5+ 70. Kc4 R5a4+ 71. Kc3 R4a3+ 72.
Kc4 Ra4+ 73. Kd5 Ra5+ 74. Kd4 R5a4+ 75. Kc5 Ra5+ 76. Kc6 Rxa6 77. f5 Rxb6+ 78.
Kxb6 Ke4 79. f6 Rf1 80. Kc6 Ke5 81. Kd7 Rxf6 82. Rxf6 Kxf6 1/2-1/2

[Event "FIDE World Rapid 2013"]
[Site "Khanty-Mansiysk RUS"]
[Date "2013.06.08"]
[Round "12.15"]
[White "Moiseenko, Alexander"]
[Black "Dubov, Daniil"]
[Result "1/2-1/2"]
[WhiteTitle "GM"]
[BlackTitle "GM"]
[WhiteElo "2711"]
[BlackElo "2638"]
[WhiteFideId "14102560"]
[BlackFideId "24126055"]
[EventDate "2013.06.06"]

1. d4 Nf6 2. c4 c5 3. d5 b5 4. cxb5 a6 5. bxa6 g6 6. Nc3 Bxa6 7. Nf3 Bg7 8. e4
Bxf1 9. Kxf1 d6 10. g3 O-O 11. Kg2 Nbd7 12. a4 Ra6 13. Qc2 Qa8 14. Nb5 Rc8 15.
Bd2 c4 16. Nfd4 Nxd5 17. exd5 Bxd4 18. Nxd4 Qxd5+ 19. f3 Qxd4 20. Bc3 Qd5 21. h4
Ne5 22. Qe2 Qd3 23. Qf2 h5 24. Rhe1 Qf5 25. Re4 Nd3 26. Qe3 e5 27. g4 hxg4 28.
fxg4 Qe6 29. Qg5 d5 30. Rxe5 Nxe5 31. Bxe5 d4 32. Re1 Re8 33. h5 Ra5 34. hxg6
Qxg6 35. Bxd4 1/2-1/2

[Event "FIDE World Rapid 2013"]
[Site "Khanty-Mansiysk RUS"]
[Date "2013.06.08"]
[Round "12.16"]
[White "Grachev, Boris"]
[Black "Vasquez Schroeder, Rodrigo"]
[Result "1/2-1/2"]
[WhiteTitle "GM"]
[BlackTitle "GM"]
[WhiteElo "2683"]
[BlackElo "2542"]
[WhiteFideId "4129199"]
[BlackFideId "3400042"]
[EventDate "2013.06.06"]

1. Nf3 Nf6 2. c4 c6 3. d4 d5 4. e3 Bg4 5. Bd3 e6 6. Qb3 Qc7 7. Nc3 Nbd7 8. Bd2
Be7 9. Rc1 Qb6 10. Qc2 Bh5 11. O-O Bg6 12. e4 dxe4 13. Nxe4 O-O 14. Bc3 c5 15.
dxc5 Nxc5 16. Nxf6+ Bxf6 17. Bxg6 hxg6 18. b4 Nd7 19. Rfd1 Qc7 20. c5 Rfd8 21.
Nd4 a6 22. Qe4 Ne5 23. Nf3 Qc6 24. Qxc6 Nxc6 25. Bxf6 gxf6 26. a3 Kf8 27. Kf1
Ke7 28. Ke2 e5 29. g4 Rxd1 30. Rxd1 Rh8 31. Rd6 Rh3 32. a4 Nxb4 33. Rb6 Nd5 34.
Rxb7+ Ke6 35. Rb3 Nf4+ 36. Kd2 Kd5 37. Rc3 Kc6 38. g5 e4 39. Nd4+ Kd5 40. c6 Kd6
41. gxf6 Rh8 42. Rc2 Nd5 43. Rb2 Kc5 44. c7 Rc8 45. Nb3+ Kd6 46. Rc2 Rxc7 47.
Rxc7 Nxc7 48. Ke3 Ke5 49. Nc5 Nd5+ 50. Kd2 a5 51. Nb7 Nb6 52. Nxa5 Kd5 53. Nb7
Nxa4 54. Nd8 Ke5 55. Nxf7+ Kxf6 56. Nd6 Ke5 57. Nc4+ Kf4 58. Ke2 Nc3+ 59. Kf1
Nd5 60. Kg2 Kg4 61. Ne5+ Kf5 62. Nc4 1/2-1/2

[Event "FIDE World Rapid 2013"]
[Site "Khanty-Mansiysk RUS"]
[Date "2013.06.08"]
[Round "12.17"]
[White "Kurnosov, Igor"]
[Black "Sargissian, Gabriel"]
[Result "1-0"]
[WhiteTitle "GM"]
[BlackTitle "GM"]
[WhiteElo "2657"]
[BlackElo "2671"]
[WhiteFideId "4142527"]
[BlackFideId "13300881"]
[EventDate "2013.06.06"]

1. e4 e5 2. Nf3 Nc6 3. Bc4 Bc5 4. c3 Nf6 5. d4 exd4 6. e5 d5 7. Bb5 Ne4 8. cxd4
Bb6 9. Nc3 O-O 10. Be3 Bg4 11. h3 Bh5 12. Qb3 Ne7 13. g4 Bg6 14. O-O c5 15. Nxe4
c4 16. Qa3 Bxe4 17. Ng5 Bd3 18. e6 f5 19. Rfd1 Ng6 20. Rxd3 cxd3 21. Nf7 Qf6 22.
Qd6 f4 23. Bd2 Qxd4 24. Rf1 Qxb2 25. Qb4 Qxb4 26. Bxb4 Rxf7 27. exf7+ Kxf7 28.
Re1 Bd4 29. Bxd3 Ne5 30. Rd1 Nxd3 31. Rxd3 Be5 32. Rxd5 Ke6 33. Rd3 Rc8 34. Kg2
b6 35. Kf3 g5 36. Bd2 Rc2 37. a3 Rc4 38. Rd8 Bf6 39. Re8+ Kf7 40. Rb8 Rd4 41.
Bb4 a5 42. Rb7+ Kg6 43. Bf8 Rd8 44. Be7 Bxe7 45. Rxe7 Rd6 46. Ke4 h5 47. Rb7
hxg4 1-0

[Event "FIDE World Rapid 2013"]
[Site "Khanty-Mansiysk RUS"]
[Date "2013.06.08"]
[Round "12.18"]
[White "Gundavaa, Bayarsaikhan"]
[Black "Safarli, Eltaj"]
[Result "1/2-1/2"]
[WhiteTitle "GM"]
[BlackTitle "GM"]
[WhiteElo "2516"]
[BlackElo "2660"]
[WhiteFideId "4901045"]
[BlackFideId "13402129"]
[EventDate "2013.06.06"]

1. d4 Nf6 2. c4 g6 3. Nc3 d5 4. Bf4 Bg7 5. e3 O-O 6. Rc1 Be6 7. Qb3 c5 8. Qxb7
Qb6 9. Qxb6 axb6 10. Nf3 dxc4 11. dxc5 bxc5 12. Nd2 Nd5 13. Bxc4 Bxc3 14. bxc3
Nxf4 15. exf4 Bxc4 16. Nxc4 Rxa2 17. g3 Nc6 18. O-O Rd8 19. Rfd1 1/2-1/2

[Event "FIDE World Rapid 2013"]
[Site "Khanty-Mansiysk RUS"]
[Date "2013.06.08"]
[Round "12.19"]
[White "Frolyanov, Dmitry"]
[Black "Gordievsky, Dmitry"]
[Result "1/2-1/2"]
[WhiteTitle "GM"]
[BlackTitle "FM"]
[WhiteElo "2570"]
[BlackElo "2474"]
[WhiteFideId "4151976"]
[BlackFideId "24112798"]
[EventDate "2013.06.06"]

1. e4 e6 2. d4 d5 3. Nc3 Nf6 4. e5 Nfd7 5. f4 c5 6. Nf3 Nc6 7. Be3 a6 8. Qd2 b5
9. Be2 Be7 10. O-O b4 11. Nd1 O-O 12. Kh1 a5 13. Bf2 Ba6 14. c3 Bxe2 15. Qxe2
Qb6 16. Ne3 Qa6 17. Qe1 bxc3 18. bxc3 cxd4 19. cxd4 Nb4 20. f5 Nd3 21. Qe2 Rab8
22. Rad1 N3c5 23. Qxa6 Nxa6 24. Rc1 Rb6 25. Rc2 Rfb8 26. Rfc1 Nf8 27. g4 Nb4 28.
Rd2 Rc6 29. Rxc6 Nxc6 30. Kg2 Ba3 31. Rc2 Nb4 32. Rc7 Bb2 33. Nd1 Nd3 34. Be3 h6
35. Nf2 Nxf2 36. Kxf2 Ba3 37. Rc2 Nd7 38. Nd2 a4 39. Ke2 Bb2 40. Rc6 Nf8 41. Kd3
a3 42. Rc7 Nh7 43. h4 Nf8 44. h5 Nh7 45. Kc2 Nf8 46. Nb3 Nh7 47. Nc5 Nf8 48. Nd3
Nh7 49. Rc6 Nf8 50. Nc5 Rb4 51. Rc8 Bxd4 52. fxe6 Rc4+ 53. Kd3 Rxc5 54. Rxc5
Bxc5 55. exf7+ Kxf7 56. Bxc5 Nd7 57. Bxa3 Nxe5+ 58. Kd4 Nxg4 59. Kxd5 Nf6+ 60.
Ke5 Nxh5 61. Bc1 Ke7 62. a4 Kd7 63. Kf5 Ng3+ 64. Kg6 h5 65. Bg5 1/2-1/2

[Event "FIDE World Rapid 2013"]
[Site "Khanty-Mansiysk RUS"]
[Date "2013.06.08"]
[Round "12.20"]
[White "Smirin, Ilia"]
[Black "Ponkratov, Pavel"]
[Result "1/2-1/2"]
[WhiteTitle "GM"]
[BlackTitle "GM"]
[WhiteElo "2663"]
[BlackElo "2605"]
[WhiteFideId "2801990"]
[BlackFideId "4157800"]
[EventDate "2013.06.06"]

1. e4 e6 2. d4 d5 3. Nd2 c5 4. Ngf3 cxd4 5. Nxd4 Nf6 6. e5 Nfd7 7. N2f3 Nc6 8.
Bb5 Qc7 9. Bf4 a6 10. Nxc6 bxc6 11. Bd3 Rb8 12. Rb1 f5 13. O-O c5 14. Re1 g6 15.
c4 d4 16. b4 cxb4 17. Nxd4 Nc5 18. Be2 Be7 19. Bf3 Bd7 20. Qd2 Kf7 21. Nxf5 gxf5
22. Bh5+ Kg8 23. Qe3 Bf8 24. Bh6 Be8 25. Bxe8 Rxe8 26. Rxb4 Bxh6 27. Qxh6 Qg7
28. Qe3 Qe7 29. Rb6 Kf7 30. Rd6 Rc8 31. Qh6 Rhg8 32. Qxh7+ Rg7 33. Qh5+ Kg8 34.
Red1 Qg5 35. Qxg5 Rxg5 36. Rd8+ Rxd8 37. Rxd8+ Kf7 38. f4 Rg8 39. Rxg8 Kxg8 40.
Kf2 Kf8 41. Ke3 Ke7 42. Kd4 Nb7 43. h3 Kd7 44. g4 fxg4 45. hxg4 Nd8 46. Kc5 Kc7
47. f5 Kd7 48. Kb6 Nf7 49. fxe6+ Kxe6 50. Kxa6 Nxe5 51. c5 Kd5 52. Kb5 Nxg4 53.
a4 Ne5 54. a5 Nc6 55. a6 Na7+ 56. Kb6 Nc8+ 57. Kc7 Kxc5 1/2-1/2

[Event "FIDE World Rapid 2013"]
[Site "Khanty-Mansiysk RUS"]
[Date "2013.06.08"]
[Round "12.21"]
[White "Potapov, Pavel"]
[Black "Rublevsky, Sergei"]
[Result "1-0"]
[WhiteTitle "IM"]
[BlackTitle "GM"]
[WhiteElo "2460"]
[BlackElo "2695"]
[WhiteFideId "4169786"]
[BlackFideId "4115309"]
[EventDate "2013.06.06"]

1. e4 c5 2. c3 Nf6 3. e5 Nd5 4. Nf3 e6 5. d4 cxd4 6. cxd4 d6 7. Bc4 Nb6 8. Bd3
Nc6 9. O-O Nb4 10. Be4 d5 11. Bd3 Nxd3 12. Qxd3 Be7 13. b3 O-O 14. a4 Bd7 15.
Nc3 Rc8 16. Bd2 Na8 17. Ne2 Nc7 18. Ba5 Qe8 19. Rfc1 Na6 20. Nf4 Nb4 21. Bxb4
Bxb4 22. Ng5 g6 23. Qh3 h5 24. Nxh5 1-0

[Event "FIDE World Rapid 2013"]
[Site "Khanty-Mansiysk RUS"]
[Date "2013.06.08"]
[Round "12.22"]
[White "Pasiev, Rakhim"]
[Black "Lagno, Kateryna"]
[Result "1/2-1/2"]
[WhiteTitle "IM"]
[BlackTitle "GM"]
[WhiteElo "2384"]
[BlackElo "2542"]
[WhiteFideId "24122475"]
[BlackFideId "14109336"]
[EventDate "2013.06.06"]

1. e4 c5 2. Nf3 d6 3. d4 cxd4 4. Nxd4 Nf6 5. Nc3 a6 6. Be2 e6 7. Be3 Be7 8. O-O
O-O 9. a4 Nc6 10. f4 Qc7 11. Qe1 Nxd4 12. Bxd4 e5 13. fxe5 dxe5 14. Qg3 Bc5 15.
Bxc5 Qxc5+ 16. Kh1 Kh8 17. Rxf6 gxf6 18. Qh4 Rg8 19. Qxf6+ Rg7 20. Qd8+ Rg8 21.
Qf6+ Rg7 22. Qd8+ 1/2-1/2

[Event "FIDE World Rapid 2013"]
[Site "Khanty-Mansiysk RUS"]
[Date "2013.06.08"]
[Round "12.23"]
[White "Pridorozhni, Aleksei"]
[Black "Kabanov, Nikolai"]
[Result "0-1"]
[WhiteTitle "GM"]
[BlackTitle "GM"]
[WhiteElo "2512"]
[BlackElo "2472"]
[WhiteFideId "4127870"]
[BlackFideId "4127820"]
[EventDate "2013.06.06"]

1. e4 c5 2. Nf3 a6 3. d4 cxd4 4. Nxd4 Nf6 5. Nc3 e5 6. Nf3 Nc6 7. Bc4 Bc5 8. O-O
h6 9. Be3 Bxe3 10. fxe3 d6 11. Qd2 O-O 12. Rad1 Ne8 13. Qf2 Nf6 14. Qd2 Ne8 15.
Bd5 Qe7 16. g3 Bg4 17. Nh4 Kh7 18. Nf5 Qc7 19. Rde1 Ne7 20. Bb3 Bxf5 21. exf5
Nf6 22. Qg2 Rad8 23. g4 g5 24. fxg6+ fxg6 25. g5 hxg5 26. Rxf6 Rxf6 27. Ne4 Rdf8
28. Qh3+ Kg7 29. Nxg5 Rh8 30. Ne6+ Rxe6 31. Qxe6 Nf5 32. c3 Qd8 33. Qf7+ Kh6 34.
Qxb7 Nh4 35. Qe4 Rf8 36. Bd1 Qf6 37. Kh1 Qf1+ 0-1

[Event "FIDE World Rapid 2013"]
[Site "Khanty-Mansiysk RUS"]
[Date "2013.06.08"]
[Round "12.24"]
[White "Al-Sayed, Mohammed"]
[Black "Bezgodov, Alexei"]
[Result "1-0"]
[WhiteTitle "GM"]
[BlackTitle "GM"]
[WhiteElo "2498"]
[BlackElo "2482"]
[WhiteFideId "12100196"]
[BlackFideId "4105257"]
[EventDate "2013.06.06"]

1. d4 d5 2. c4 Bf5 3. cxd5 Bxb1 4. Qa4+ c6 5. Rxb1 Qxd5 6. e3 Nd7 7. Nf3 Nb6 8.
Qc2 Qxa2 9. Bd3 Qd5 10. O-O e6 11. e4 Qd8 12. b4 a6 13. d5 exd5 14. exd5 Nxd5
15. b5 axb5 16. Rxb5 Bd6 17. Rxb7 Nge7 18. Be4 Qc8 19. Rb3 Nf6 20. Bb2 Nxe4 21.
Qxe4 Qf5 22. Qd4 Qd5 23. Qxg7 Rg8 24. Qc3 Rb8 25. Rxb8+ Bxb8 26. Ba3 Bd6 27. Re1
f6 28. Bxd6 Qxd6 29. Nd4 Kf7 30. Qc4+ Nd5 31. Nf5 1-0

[Event "FIDE World Rapid 2013"]
[Site "Khanty-Mansiysk RUS"]
[Date "2013.06.08"]
[Round "12.25"]
[White "Georgiev, Kiril"]
[Black "Skatchkov, Pavel"]
[Result "1-0"]
[WhiteTitle "GM"]
[BlackTitle "GM"]
[WhiteElo "2636"]
[BlackElo "2486"]
[WhiteFideId "2900017"]
[BlackFideId "4121848"]
[EventDate "2013.06.06"]

1. d4 d5 2. c4 c6 3. Nf3 Nf6 4. Nc3 dxc4 5. a4 Bf5 6. Ne5 Nbd7 7. Nxc4 Qc7 8. g3
e5 9. dxe5 Nxe5 10. Bf4 Nfd7 11. Bg2 f6 12. O-O g5 13. Nxe5 gxf4 14. Nxd7 Qxd7
15. Qc1 fxg3 16. hxg3 Bb4 17. Rd1 Qe7 18. Qf4 Bg6 19. Rd2 O-O 20. Rad1 Bxc3 21.
Qc4+ Bf7 22. Qxc3 Rad8 23. b4 Rxd2 24. Rxd2 Rd8 25. Bf3 Rxd2 26. Qxd2 Kg7 27.
Qd4 b6 28. Qg4+ Bg6 29. Bxc6 h5 30. Qd7 Qxd7 31. Bxd7 a5 32. bxa5 bxa5 33. f3
Bc2 34. Kf2 Kf7 35. Ke3 Ke7 36. Bb5 Kd6 37. Kd4 Bd1 38. f4 Bc2 39. Be8 Ke7 40.
Bb5 Kd6 41. e3 Bd1 42. Be8 Ke7 43. Bb5 Kd6 44. e4 Bc2 45. e5+ fxe5+ 46. fxe5+
Ke6 47. Bc6 Bd1 48. Ke4 Bc2+ 49. Kf4 Bd1 50. Be8 Ke7 51. Bb5 Ke6 52. Ke4 Bc2+
53. Kd4 Bd1 54. Bc4+ Ke7 55. Kc5 Bxa4 56. Kb6 Bd1 57. Kxa5 Kf8 58. Kb6 Kg7 59.
Kc5 Bg4 60. Kd6 Kg6 61. Be6 Be2 62. Bh3 h4 63. e6 Kg5 64. e7 Bh5 65. g4 Be8 66.
Kc7 Kf6 67. Kd8 Kf7 68. g5 1-0

[Event "FIDE World Rapid 2013"]
[Site "Khanty-Mansiysk RUS"]
[Date "2013.06.08"]
[Round "12.27"]
[White "Byambaa, Zulzaga"]
[Black "Kobalia, Mikhail"]
[Result "0-1"]
[WhiteTitle "FM"]
[BlackTitle "GM"]
[WhiteElo "2285"]
[BlackElo "2651"]
[WhiteFideId "4900642"]
[BlackFideId "4119150"]
[EventDate "2013.06.06"]

1. e4 c5 2. Nf3 e6 3. d4 cxd4 4. Nxd4 Nc6 5. Nb5 d6 6. Bf4 e5 7. Be3 a6 8. N5c3
Nf6 9. Nd2 Be6 10. Nc4 b5 11. Nb6 Rb8 12. Nbd5 Be7 13. a4 bxa4 14. Rxa4 O-O 15.
Rxa6 Nb4 16. Nxe7+ Qxe7 17. Ra7 Rb7 18. Rxb7 Qxb7 19. f3 d5 20. exd5 Nbxd5 21.
Nxd5 Nxd5 22. Bc1 Qb6 23. Qe2 Ra8 24. Qb5 Qd4 25. Qd3 Qc5 26. c3 Ra1 27. Kd2 Bf5
28. Qxf5 Qe3+ 29. Kc2 Rxc1+ 30. Kb3 Qb6+ 31. Ka2 Nxc3+ 0-1

[Event "FIDE World Rapid 2013"]
[Site "Khanty-Mansiysk RUS"]
[Date "2013.06.08"]
[Round "12.28"]
[White "Ghaem Maghami, Ehsan"]
[Black "Ram, S. Krishnan"]
[Result "1-0"]
[WhiteTitle "GM"]
[WhiteElo "2554"]
[BlackElo "2248"]
[WhiteFideId "12500739"]
[BlackFideId "5010519"]
[EventDate "2013.06.06"]

1. d4 Nf6 2. c4 Nc6 3. Nf3 e6 4. a3 d6 5. Nc3 g6 6. e4 Bg7 7. Be2 O-O 8. O-O Re8
9. d5 exd5 10. cxd5 Ne7 11. Bf4 Nh5 12. Be3 c6 13. Rc1 cxd5 14. Nb5 dxe4 15. Ng5
Nf6 16. Nxd6 Rf8 17. Ngxf7 1-0

[Event "FIDE World Rapid 2013"]
[Site "Khanty-Mansiysk RUS"]
[Date "2013.06.08"]
[Round "12.29"]
[White "Akbaev, Kazbek"]
[Black "Cherniaev, Alexander"]
[Result "0-1"]
[WhiteTitle "IM"]
[BlackTitle "GM"]
[WhiteElo "2475"]
[BlackElo "2447"]
[WhiteFideId "4131045"]
[BlackFideId "4117301"]
[EventDate "2013.06.06"]

1. f4 d5 2. Nf3 g6 3. d4 Bg7 4. e3 Nh6 5. Bd3 O-O 6. O-O b6 7. Qe2 Bf5 8. Nbd2
c5 9. c3 Nd7 10. a4 Bxd3 11. Qxd3 Qc7 12. Ne5 Nf5 13. Ndf3 Nf6 14. b4 Nd6 15.
bxc5 bxc5 16. Ba3 c4 17. Qc2 Nfe4 18. Nd2 Nxd2 19. Qxd2 Ne4 20. Qc2 Bxe5 21.
fxe5 Qd7 22. a5 f6 23. exf6 Rxf6 24. Rxf6 exf6 25. Rb1 Re8 26. a6 Qe6 27. Bb4
Qxa6 28. Re1 h5 29. Qe2 Qe6 30. Ra1 a6 31. Ra5 Kg7 32. Ra1 Kh6 33. Ra5 g5 34.
Ra1 Kg6 35. Ra5 f5 36. g3 h4 37. Qa2 Nf6 38. Qf2 Ng4 39. Qf3 hxg3 40. Qxg3 Nxe3
41. Bd6 Qe4 42. Be5 Qb1+ 43. Kf2 Qf1+ 44. Kxe3 f4+ 0-1

[Event "FIDE World Rapid 2013"]
[Site "Khanty-Mansiysk RUS"]
[Date "2013.06.08"]
[Round "13.1"]
[White "Nepomniachtchi, Ian"]
[Black "Grischuk, Alexander"]
[Result "0-1"]
[WhiteTitle "GM"]
[BlackTitle "GM"]
[WhiteElo "2717"]
[BlackElo "2779"]
[WhiteFideId "4168119"]
[BlackFideId "4126025"]
[EventDate "2013.06.06"]

1. e4 d6 2. d4 Nf6 3. Nc3 g6 4. g3 Bg7 5. Bg2 O-O 6. Nge2 Nbd7 7. O-O c5 8. h3
Rb8 9. dxc5 Nxc5 10. a4 b6 11. Re1 Bb7 12. Nf4 Nfd7 13. Bd2 Rc8 14. Qe2 a6 15.
Red1 e6 16. Be1 Qe7 17. Qe3 Ne5 18. b3 Rfd8 19. Rac1 h5 20. Nfe2 Kh7 21. f4 Nc6
22. Na2 b5 23. axb5 axb5 24. Bc3 e5 25. Re1 Ne6 26. Nb4 Nxb4 27. Bxb4 h4 28. Rf1
hxg3 29. f5 Nf4 30. Nxf4 Bh6 31. Qxg3 Bxf4 32. Rxf4 exf4 33. Qxf4 Qe5 34. Qf2
Kg8 35. Re1 Re8 36. Qd2 d5 37. fxg6 fxg6 38. Rd1 dxe4 39. Qh6 Qh5 40. Qxh5 gxh5
41. Bf1 Re5 42. Bd6 Rd8 43. Be2 Re6 44. Bb4 Rxd1+ 45. Bxd1 Re5 46. Kf2 e3+ 47.
Ke2 Bc8 48. Bd6 Rd5 49. Bf4 Bxh3 50. Ke1 Bg4 51. Bxg4 hxg4 52. c4 bxc4 53. bxc4
Rf5 54. Bxe3 g3 55. c5 Kf7 56. Ke2 Ke6 57. Bd4 Kd5 58. Bg1 Rf8 59. Be3 g2 60.
Bf2 Rf7 61. Ke1 Re7+ 62. Kd2 Rh7 0-1

[Event "FIDE World Rapid 2013"]
[Site "Khanty-Mansiysk RUS"]
[Date "2013.06.08"]
[Round "13.3"]
[White "Le, Quang Liem"]
[Black "Khairullin, Ildar"]
[Result "1-0"]
[WhiteTitle "GM"]
[BlackTitle "GM"]
[WhiteElo "2712"]
[BlackElo "2658"]
[WhiteFideId "12401137"]
[BlackFideId "4151348"]
[EventDate "2013.06.06"]

1. d4 d5 2. Nf3 Nf6 3. c4 c6 4. e3 Bg4 5. h3 Bh5 6. Nc3 e6 7. Qb3 Qb6 8. Nh4
Nbd7 9. g4 Bg6 10. Nxg6 hxg6 11. g5 Ne4 12. Nxe4 dxe4 13. Qxb6 axb6 14. h4 f5
15. Bd2 Bd6 16. Bg2 e5 17. Ke2 exd4 18. exd4 c5 19. f3 cxd4 20. fxe4 O-O-O 21.
exf5 gxf5 22. Raf1 Ne5 23. Bd5 g6 24. h5 gxh5 25. Rxf5 Bc7 26. Bf4 Rde8 27. Kd2
Re7 28. Rg1 Ng4 29. g6 Bxf4+ 30. Rxf4 Rg7 31. Be6+ Kb8 32. Bxg4 hxg4 33. Rgxg4
Rh6 34. Rf6 Kc7 35. Kd3 Rh2 36. Rf7+ Rxf7 37. gxf7 Rf2 38. Rg7 Kd6 39. Kxd4 Ke7
40. Kc3 Kf8 41. Rg8+ 1-0